Principles & Practices Of Water Management (Record no. 26072)

MARC details
000 -LEADER
fixed length control field 00340nam a22001457a 4500
003 - CONTROL NUMBER IDENTIFIER
control field OSt
005 - DATE AND TIME OF LATEST TRANSACTION
control field 20220105092004.0
008 - FIXED-LENGTH DATA ELEMENTS--GENERAL INFORMATION
fixed length control field 220105b |||||||| |||| 00| 0 eng d
020 ## - INTERNATIONAL STANDARD BOOK NUMBER
International Standard Book Number 8177541838
040 ## - CATALOGING SOURCE
Transcribing agency HU
082 ## - DEWEY DECIMAL CLASSIFICATION NUMBER
Classification number 331.91
100 ## - MAIN ENTRY--PERSONAL NAME
Personal name Panda
9 (RLIN) 27174
245 ## - TITLE STATEMENT
Title Principles & Practices Of Water Management
942 ## - ADDED ENTRY ELEMENTS (KOHA)
Source of classification or shelving scheme Dewey Decimal Classification
Koha item type Books like text book referance book
Suppress in OPAC No
Holdings
Withdrawn status Lost status Source of classification or shelving scheme Damaged status Not for loan Home library Current library Shelving location Date acquired Total Checkouts Full call number Barcode Date last seen Copy number Price effective from Koha item type
    Dewey Decimal Classification     IoT Library IoT Library General Stacks 01/05/2022   331.91/PAN2005 IOTL0003795 01/05/2022 1 01/05/2022 Books like text book referance book
    Dewey Decimal Classification     IoT Library IoT Library General Stacks 01/05/2022   331.91/PAN2005 IOTL0003796 01/05/2022 2 01/05/2022 Books like text book referance book
    Dewey Decimal Classification     IoT Library IoT Library General Stacks 01/05/2022   331.91/PAN2005 IOTL0003797 01/05/2022 3 01/05/2022 Books like text book referance book
    Dewey Decimal Classification     IoT Library IoT Library General Stacks 01/05/2022   331.91/PAN2005 IOTL0003798 01/05/2022 4 01/05/2022 Books like text book referance book
    Dewey Decimal Classification     IoT Library IoT Library General Stacks 01/05/2022   331.91/PAN2005 IOTL0003799 01/05/2022 5 01/05/2022 Books like text book referance book